|
|
|
|
| LEADER |
01954nam a2200457 i 4500 |
| 001 |
EBC3399473 |
| 003 |
MiAaPQ |
| 005 |
20200917021826.0 |
| 006 |
m o d | |
| 007 |
cr cnu|||||||| |
| 008 |
140117s2013 fr ob 000 0 fre d |
| 020 |
|
|
|z 9782759219681
|
| 020 |
|
|
|a 9782759219698 (e-book)
|
| 035 |
|
|
|a (MiAaPQ)EBC3399473
|
| 035 |
|
|
|a (Au-PeEL)EBL3399473
|
| 035 |
|
|
|a (CaPaEBR)ebr10825804
|
| 035 |
|
|
|a (OCoLC)923348457
|
| 040 |
|
|
|a MiAaPQ
|b eng
|e rda
|e pn
|c MiAaPQ
|d MiAaPQ
|
| 050 |
|
4 |
|a RA644.W47
|b .A764 2013
|
| 082 |
0 |
|
|a 616.9185
|2 23
|
| 100 |
1 |
|
|a Armengaud, Alexis.
|
| 245 |
1 |
3 |
|a Le virus du Nil occidental /
|c liste des auteurs Alexis Armengaud [and nineteen others] ; Dominique J. Bicout, coordinateur ; avec la collaboration de Thomas Balenghien.
|
| 264 |
|
1 |
|a Versailles, France :
|b Editions Qu,
|c 2013.
|
| 264 |
|
4 |
|c 2013
|
| 300 |
|
|
|a 1 online resource (267 pages).
|
| 336 |
|
|
|a text
|2 rdacontent
|
| 337 |
|
|
|a computer
|2 rdamedia
|
| 338 |
|
|
|a online resource
|2 rdacarrier
|
| 490 |
1 |
|
|a Syntheses,
|x 1777-4624
|
| 504 |
|
|
|a Includes bibliographical references.
|
| 588 |
|
|
|a Description based on online resource; title from PDF title page (ebrary, viewed January 17, 2014).
|
| 590 |
|
|
|a Electronic reproduction. Ann Arbor, MI : ProQuest, 2016. Available via World Wide Web. Access may be limited to ProQuest affiliated libraries.
|
| 650 |
|
0 |
|a West Nile fever
|x Geographical distribution.
|
| 655 |
|
4 |
|a Electronic books.
|
| 700 |
1 |
|
|a Armengaud, Alexis.
|
| 700 |
1 |
|
|a Bicout, Dominique J.
|
| 700 |
1 |
|
|a Balenghien, Thomas.
|
| 776 |
0 |
8 |
|i Print version:
|a Armengaud, Alexis.
|t Virus du Nil occidental.
|d Versailles, France : Editions Qu , c2013
|h vi, 239 pages
|k Collection Syntheses (Versailles, France)
|z 9782759219681
|
| 797 |
2 |
|
|a ProQuest (Firm)
|
| 830 |
|
0 |
|a Collection Syntheses (Versailles, France)
|
| 856 |
4 |
0 |
|u https://ebookcentral.proquest.com/lib/matrademy/detail.action?docID=3399473
|z Click to View
|